| 000 | 00634cab a2200229 4500 | ||
|---|---|---|---|
| 001 | WB3306-47 | ||
| 008 | 090401t1997 xxu||||| |||| 00| 0 eng d | ||
| 035 | _a(Sirsi) u44105 | ||
| 041 | _aeng | ||
| 245 | _aNew wildlife incentives | ||
| 260 | _c1997 | ||
| 350 | _a0 | ||
| 490 |
_aMAFF News Release _v(39/97) 4 February 1997, (2) |
||
| 520 | _aA pilot scheme to increase wildlife in arable areas will begin in 1998. | ||
| 650 | _aARABLE AREAS | ||
| 650 | _aCOUNTRYSIDE STEWARDSHIP SCHEME | ||
| 650 | _aFARMING METHODS | ||
| 650 | _aWILDLIFE CONSERVATION | ||
| 690 | _aRURAL PRACTICE | ||
| 942 | _n0 | ||
| 948 | _c04/03/1997 | ||
| 999 |
_c28119 _d28119 |
||